Study on training needs of tribal dairy farmers in Rajasthan (Record no. 21870)

MARC details
000 -LEADER
fixed length control field 00661nam a2200205Ia 4500
082 ## - DEWEY DECIMAL CLASSIFICATION NUMBER
Classification number TS.0861
100 ## - MAIN ENTRY--AUTHOR NAME
Personal name Sankhala, Gopal
245 #0 - TITLE STATEMENT
Title Study on training needs of tribal dairy farmers in Rajasthan
260 ## - PUBLICATION, DISTRIBUTION, ETC. (IMPRINT)
Year of publication 1994
Name of publisher National Dairy Research Institute, Karnal
300 ## - PHYSICAL DESCRIPTION
Number of Pages 350p.
650 ## - SUBJECT ADDED ENTRY--TOPICAL TERM
Topical Term AGRICULTURAL INDUSTRIES - EMPLOYEES///DAIRY FARMERS
650 ## - SUBJECT ADDED ENTRY--TOPICAL TERM
Topical Term DAIRYING///DAIRY FARMERS
650 ## - SUBJECT ADDED ENTRY--TOPICAL TERM
Topical Term DAIRYING///DAIRY FARMERS
650 ## - SUBJECT ADDED ENTRY--TOPICAL TERM
Topical Term DAIRY FARMERS - RAJASTHAN
650 ## - SUBJECT ADDED ENTRY--TOPICAL TERM
Topical Term TRIBAL DAIRY FARMERS
650 ## - SUBJECT ADDED ENTRY--TOPICAL TERM
Topical Term OCCUPATIONAL TRAINING - RAJASTHAN
650 ## - SUBJECT ADDED ENTRY--TOPICAL TERM
Topical Term TRIBES AND TRIBALS///TRIBAL DAIRY FARMERS
710 ## - ADDED ENTRY--CORPORATE NAME
Corporate name or jurisdiction name as entry element Ram Chand
942 ## - ADDED ENTRY ELEMENTS (KOHA)
Koha item type Thesis
Source of classification or shelving scheme Dewey Decimal Classification
Holdings
Withdrawn status Lost status Damaged status Not for loan Home library Current library Date acquired Bill Date Full call number Accession Number Price effective from Koha item type
        NASSDOC Library NASSDOC Library 08/10/2004 2008-12-30 TS.0861 36319 18/04/2019 Thesis